How Many Active USAF Aircraft Can You Name? - Statistics

General Stats
  • This quiz has been taken 275 times
  • The average score is 18 of 26
Answer Stats
Picture Answer % Correct
General Dynamics F-16 Fighting Falcon
94%
McDonell Douglas F-15 Eagle
94%
Northrop B-2 Spirit
94%
Lockheed Martin C-130 Hercules
93%
Lockheed Martin F-35 Lightning II
93%
Lockheed Martin F-22 Raptor
92%
Boeing B-52 Stratofortress
91%
Fairchild Republic A-10C Thunderbolt II
90%
Rockwell B-1 Lancer
90%
Bell/Boeing CV-22 Osprey
80%
Boeing C-17 Globemaster III
77%
Lockheed C-5M Super Galaxy
76%
Lockheed U-2 Dragon Lady
76%
Lockheed Martin AC-130J Ghostrider
74%
Boeing KC-135 Stratotanker
66%
General Atomics MQ-9 Reaper
61%
McDonnell Douglas F-15E Strike Eagle
60%
Boeing VC-25 Air Force One
58%
McDonnel Douglas KC-10 Extender
55%
Boeing E-3 Sentry
54%
Northrop T-38 Talon
50%
Beechcraft T-6 Texan
47%
Lockheed Martin C-130J Super Hercules
43%
Northrop Grumman RQ-4 Global Hawk
43%
Boeing KC-46 Pegasus
40%
Beechcraft C-12 Huron
33%
No matching quizzes found
Score Distribution
Percent of People with Each Score
Percentile by Number Answered
Your Score History
You have not taken this quiz